Francisco: contenido y estilo /
Сохранить в:
| Главный автор: | |
|---|---|
| Формат: | |
| Язык: | Spanish |
| Метки: |
Добавить метку
Нет меток, Требуется 1-ая метка записи!
|
MARC
| LEADER | 00000nam a22000007a 4500 | ||
|---|---|---|---|
| 003 | cru CIDCACS/IIS | ||
| 005 | 20191025062539.0 | ||
| 007 | ta | ||
| 008 | 191024s2015 cu |||p|r|||| 00| ||spa|d | ||
| 999 | |c 42535 |d 42535 | ||
| 040 | |c cru CIDCACS/IIS | ||
| 100 | 1 | |a Uranga, Washington |9 8737 | |
| 245 | |a Francisco: |b contenido y estilo / |c Washington Uranga | ||
| 300 | |a páginas 40-42 | ||
| 773 | 0 | |0 41970 |9 2987 |a Centro Memorial Dr. Martin Luther King, Jr |d La Habana, Cuba: Centro Memorial Dr. Martin Luther King, Jr, |o 17771 |t Caminos: |x 10257733 | |
| 942 | |2 ddc |c PP | ||
